• 首页
  • 本馆介绍
  • 公告通知
  • 最新文献
  • 馆藏检索
  • 电子资源
  • 读者导购
  • 参考咨询
  • 我的图书馆
  • 登录
  • 详细信息显示
  • 放入我的书架
  • 预约/预借图书
  • 作者相关作品
  • 分类相关作品
  • 丛书相关作品
  • 出版社相关作品

书目信息

  • 表格格式
  • 工作单格式
  • 卡片格式
题名:
哥伦比亚大学
    
 
作者: 刘彦慧 编著
分册:  
出版信息: 北京   现代出版社  2013
页数: 184页
开本: 23cm
丛书名: 未来领袖摇篮系列丛书
单 册:
中图分类: G649.712.8-49 , G649
科图分类:
主题词:
电子资源:
ISBN: 978-7-5143-1379-6
000 00994nam0 2200289 450
001 2356395269
005 20231110092815.10
010    @a978-7-5143-1379-6@dCNY32.00
100    @a20140429d2013 demy0chiy50 ea
101 0  @achi
102    @aCN@b110000
105    @aa z 000yd
200 1  @a哥伦比亚大学@Age lun bi ya da xue@e智慧之光@dColumbia University@ewisdom light@f刘彦慧编著@zeng
210    @a北京@c现代出版社@d2013
215    @a184页@c图@d23cm
225 2  @a未来领袖摇篮系列丛书
330    @a本书选择了几位最具代表性的经济、文化、政治,军事领袖人物的生平和杰出的事迹,反映了哥伦比亚大学是培养未来领袖的摇篮。
461  0 @12001 @a未来领袖摇篮系列丛书
510 1  @aColumbia University@ewisdom light@zeng
517 1  @a智慧之光@Azhi hui zhi guang
601 02 @a哥伦比亚大学@j青年读物
601 02 @a哥伦比亚大学@j少年读物
690    @aG649.712.8-49@v5
690    @aG649@v4
701  0 @a刘彦慧@Aliu yan hui@4编著
801  0 @aCN@b安徽时代@c20230923
905    @aBZT@dG649@e9
    
    哥伦比亚大学:智慧之光=Columbia University:wisdom light/刘彦慧编著.-北京:现代出版社,2013
    184页:图;23cm.-(未来领袖摇篮系列丛书)
    
    
    ISBN 978-7-5143-1379-6:CNY32.00
    本书选择了几位最具代表性的经济、文化、政治,军事领袖人物的生平和杰出的事迹,反映了哥伦比亚大学是培养未来领袖的摇篮。
●
相关链接 在五车中查询图书 在当当中查询图书 在豆瓣中查询图书


正题名:哥伦比亚大学     索取号:G649/9         预约/预借

序号 登录号 条形码 馆藏地/架位号 状态 备注
1 2000938506   2000938506   第四书库/四007架B面5层4列/ [索取号:G649/9] 在馆    
2 2000938507   2000938507   第四书库/四007架B面5层4列/ [索取号:G649/9] 在馆    
3 2000938508   2000938508   第四书库/四007架B面5层4列/ [索取号:G649/9] 在馆    
4 2000938509   2000938509   第四书库/四007架B面5层4列/ [索取号:G649/9] 在馆    
5 2000938510   2000938510   第四书库/四007架B面5层4列/ [索取号:G649/9] 在馆    
6 2000938511   2000938511   第四书库/四007架B面5层4列/ [索取号:G649/9] 在馆    
山东省滨州职业学院图书馆 欢迎您!
大连网信软件有限公司© 版权所有